Confrontation.
Spremljeno u:
| Autor kompanije: | |
|---|---|
| Format: | Žurnal |
| Izdano: |
[Greenvale, N.Y., etc.]
Long Island University.
|
| Oznake: |
Dodaj oznaku
Bez oznaka, Budi prvi tko označuje ovaj zapis!
|
| Thư viện lưu trữ: | Thư viện Trường Đại học Đà Lạt |
|---|
| LEADER | 00604nam a2200253 4500 | ||
|---|---|---|---|
| 001 | DLU090065480 | ||
| 005 | ##20092603 | ||
| 022 | # | # | |a 0010-5716 |
| 040 | # | # | |a DLU |b eng |
| 041 | # | # | |e ng |
| 210 | # | # | |a Confrontation |b (Southampt. N.Y.) |
| 245 | # | # | |a Confrontation. |
| 260 | # | # | |a [Greenvale, N.Y., etc.] |b Long Island University. |
| 300 | # | # | |a no. |b ill. |c 23 cm. |
| 310 | # | # | |a Semiannual |
| 710 | # | # | |a Long Island University. |
| 994 | # | # | |a DLU |
| 900 | # | # | |a True |
| 911 | # | # | |a Trương Bảo Trâm Anh |
| 925 | # | # | |a G |
| 926 | # | # | |a A |
| 927 | # | # | |a TT |
| 980 | # | # | |a Thư viện Trường Đại học Đà Lạt |